A Satudy of the effect of recasting of non-Precious alloys used in crown and bridge on the axial and marginal fitness / (رقم التسجيلة. 179794)

تفاصيل مارك
000 -LEADER
fixed length control field 01479namaa22003131i 4500
005 - أخر تعامل مع التسجيلة
control field 20260429102837.0
008 - FIXED-LENGTH DATA ELEMENTS--GENERAL INFORMATION
fixed length control field 260429s1993 ua a|||frm||| 000 0 eng d
040 ## - CATALOGING SOURCE
Original cataloguing agency EG-GICUC
Language of cataloging eng
Transcribing agency EG-GICUC
Modifying agency EG-GICUC
Description conventions rda
041 0# - LANGUAGE CODE
Language code of text/sound track or separate title eng
Language code of summary or abstract eng
-- ara
049 ## - Acquisition Source
Acquisition Source Deposit
097 ## - Degree
Degree M.Sc
099 ## - LOCAL FREE-TEXT CALL NUMBER (OCLC)
Local Call Number Cai01.09.09.1993.En.S
100 0# - MAIN ENTRY--PERSONAL NAME
Authority record control number or standard number Enas Fathelbab Abdel Halim,
Preparation preparation.
245 10 - TITLE STATEMENT
Title A Satudy of the effect of recasting of non-Precious alloys used in crown and bridge on the axial and marginal fitness /
Statement of responsibility, etc. By Enas Fathelbab Abdel Halim ; Supervisors Prof. Dr. Attia M. El- Agroudi, Dr. Mahdy T. Shehata
246 15 - VARYING FORM OF TITLE
Title proper/short title دراسة تأثير اعادة صب السبائك غير النفيسة المستخدمة في التيجان والجسور علي الاحكام المحوري والحافي
264 #0 - PRODUCTION, PUBLICATION, DISTRIBUTION, MANUFACTURE, AND COPYRIGHT NOTICE
Date of production, publication, distribution, manufacture, or copyright notice 1993.
300 ## - PHYSICAL DESCRIPTION
Extent 75 Leaves
Other physical details illustrations
Dimensions 30 cm. +
336 ## - CONTENT TYPE
Source rda content
Content type term text
337 ## - MEDIA TYPE
Source rdamedia
Media type term Unmediated
338 ## - CARRIER TYPE
Source rdacarrier
Carrier type term volume
502 ## - DISSERTATION NOTE
Dissertation note Thesis (M.Sc.)-Cairo University, 1993.
504 ## - BIBLIOGRAPHY, ETC. NOTE
Bibliography, etc. note Bibliography: pages 68-75
653 #0 - INDEX TERM--UNCONTROLLED
Uncontrolled term crown and bridge on the axial and marginal fitness
-- recasting of non-Precious alloys
700 0# - ADDED ENTRY--PERSONAL NAME
Personal name Attia M. El- Agroudi
Relator term thesis advisor.
700 0# - ADDED ENTRY--PERSONAL NAME
Personal name Mahdy T. Shehata
Relator term thesis advisor.
900 ## - Thesis Information
Department Department of Prosthodontics
Faculties Faculty of Oral and Dental Medicine
Universities Cairo University
Grant date 1993
Supervisory body Attia M. El- Agroudi
-- Mahdy T. Shehata
905 ## - Cataloger and Reviser Names
Cataloger Name Nehad
942 ## - ADDED ENTRY ELEMENTS (KOHA)
Source of classification or shelving scheme Dewey Decimal Classification
Koha item type Thesis
Edition 21
Suppress in OPAC No
المقتنيات
Source of classification or shelving scheme Home library Current library Date acquired Inventory number Full call number Barcode Date last seen Effective from Koha item type
Dewey Decimal Classification المكتبة المركزبة الجديدة - جامعة القاهرة مكتبة المئوية 29.04.2026 26397 Cai01.09.09.1993.En.S 01010110026397000 29.04.2026 29.04.2026 Thesis
Cairo University Libraries Portal Implemented & Customized by: Eng. M. Mohamady Contacts: new-lib@cl.cu.edu.eg | cnul@cl.cu.edu.eg
CUCL logo CNUL logo
© All rights reserved — Cairo University Libraries
CUCL logo
Implemented & Customized by: Eng. M. Mohamady Contact: new-lib@cl.cu.edu.eg © All rights reserved — New Central Library
CNUL logo
Implemented & Customized by: Eng. M. Mohamady Contact: cnul@cl.cu.edu.eg © All rights reserved — Cairo National University Library